[Event "the  first english knockout 2017 "]
[Site "SchemingMind.com"]
[Date "2017.04.06"]
[Round "-"]
[White "ArtistDude"]
[Black "Omahony"]
[Result "1-0"]
[WhiteCountry "USA"]
[BlackCountry "ENG"]
[WhiteElo "1682"]
[WhiteRD "124"]
[BlackElo "1716"]
[BlackRD "110"]
[GameID "412432"]

1. c4 c6 2. Nf3 d5 3. e3 Nf6 4. Nc3 e6 5. b3 Bd6 6. Bb2 Nbd7 7. Qc2 Qe7 8. Be2 O-O 9. O-O e5 10. cxd5 Nxd5
11. Nxd5 cxd5 12. Rac1 b6 13. Rfd1 Bb7 14. Qf5 Rac8 15. Bb5 Rxc1 16. Rxc1 Nc5 17. Bxe5 f6 18. Bxd6 Qxd6 19. d4 Ne4 20. Qd7 Qa3
21. Rc7
1-0

[Event "the  first english knockout 2017 "]
[Site "SchemingMind.com"]
[Date "2017.04.06"]
[Round "-"]
[White "Omahony"]
[Black "ArtistDude"]
[Result "1-0"]
[WhiteCountry "ENG"]
[BlackCountry "USA"]
[WhiteElo "1749"]
[WhiteRD "104"]
[BlackElo "1648"]
[BlackRD "122"]
[GameID "412433"]

1. c4 c5 2. b3 b6 3. Bb2 Bb7 4. e3 e6 5. Nf3 Nf6 6. d4 Be7 7. Be2 Qc7 8. O-O O-O 9. Nbd2 Ng4 10. h3 Bxf3
11. Nxf3 Nh6 12. Qc2 f6 13. Rad1 cxd4 14. exd4 Nf7 15. Bd3 f5 16. Rfe1 Bb4 17. Re2 Nc6 18. a3 Bd6 19. Rde1 Rac8 20. Qc3 e5
21. dxe5 Bc5 22. b4 Be7 23. Bxf5 Nfxe5 24. Nxe5 Bf6 25. Qd3 Bxe5 26. Bxh7+ Kh8 27. Bxe5 Nxe5 28. Rxe5 Qxc4 29. Rh5 Qxd3 30. Bxd3+ Kg8
31. Re4 Rc1+ 32. Kh2 g6 33. Rh6 Kg7 34. Rxg6+ Kxg6 35. Re1+ Kf6 36. Rxc1 Ke5 37. f3 d5 38. Kg3 Rd8 39. Rc7 Kd4 40. Bb5 Ke3
41. Rxa7 d4 42. Re7+ Kd2 43. Kf2 d3 44. Re3 Kc2 45. Bxd3+ Rxd3 46. Rxd3 Kxd3 47. a4 Kc3 48. a5
1-0

[Event "the  first english knockout 2017 "]
[Site "SchemingMind.com"]
[Date "2017.04.17"]
[Round "-"]
[White "John Hamer"]
[Black "frankly"]
[Result "0-1"]
[WhiteCountry "ENG"]
[BlackCountry "ENG"]
[WhiteElo "1972"]
[WhiteRD "66"]
[BlackElo "2531"]
[BlackRD "59"]
[GameID "412972"]

1. c4 e5 2. Nc3 Nc6 3. g3 g6 4. Bg2 Bg7 5. Nf3 d6 6. O-O Nge7 7. d3 O-O 8. Rb1 Bg4 9. h3 Bd7 10. b4 a6
11. b5 axb5 12. cxb5 Nd4 13. Bd2 Nxf3+ 14. Bxf3 c6 15. bxc6 bxc6 16. g4 f5 17. Qb3+ Kh8 18. Qb4 Nc8 19. Be3 d5 20. Bc5 fxg4
21. hxg4 Rf4 22. Qb7 Ra5 23. Be3 Rf8 24. Bg5 Qxg5 25. Qxd7 Qf6 26. Rfc1 Ra7 27. Rb7 Nb6 28. Qc7 Rxb7 29. Qxb7 Nc4 30. Nd1 Nd2
31. Bg2 e4 32. dxe4 Qf4 33. e3 Qxg4 34. Qxc6= Nf3+ 35. Kf1 Nh4 36. Bh1 Qh3+ 37. Kg1 Be5 38. f4 g5 39. Qxd5 Qg3+ 40. Kf1 Bxf4
41. exf4 Qxf4+ 42. Ke1 Qxc1
0-1

[Event "the  first english knockout 2017 "]
[Site "SchemingMind.com"]
[Date "2017.04.17"]
[Round "-"]
[White "frankly"]
[Black "John Hamer"]
[Result "1-0"]
[WhiteCountry "ENG"]
[BlackCountry "ENG"]
[WhiteElo "2531"]
[WhiteRD "59"]
[BlackElo "1972"]
[BlackRD "66"]
[GameID "412973"]

1. c4 Nf6 2. d4 d5 3. cxd5 Nxd5 4. Nf3 Bf5 5. Nbd2 Nf6 6. Qb3 Qc8 7. g3 Nc6 8. e4 Nxe4 9. d5 Nxd2 10. Bxd2 Nd8
11. Rc1 c6 12. Bg2 Be4 13. dxc6 bxc6 14. Qa4 Bd5 15. O-O e6 16. Ne5 Bxg2 17. Kxg2 Qb7 18. Rfd1 Bd6 19. Nc4 Be7 20. Na5 Qa6
21. Bc3 O-O 22. Qg4 f6 23. Rd7 Rf7 24. Rcd1 e5 25. b4 Qb5 26. a3 a6 27. R1d2 f5 28. Qd1 f4 29. a4 Qb8 30. Qb3 f3+
31. Kh1 Kf8 32. Nc4 Bf6 33. Nxe5 Bxe5 34. Rxd8+
1-0

[Event "the  first english knockout 2017 "]
[Site "SchemingMind.com"]
[Date "2017.06.09"]
[Round "-"]
[White "Transcendent"]
[Black "ray winteringham"]
[Result "0-1"]
[WhiteCountry "ENG"]
[BlackCountry "ENG"]
[WhiteElo "1541"]
[WhiteRD "64"]
[BlackElo "1468"]
[BlackRD "51"]
[GameID "414739"]

1. c4 b5 2. c5 c6 3. d4 d5 4. a4 Ba6 5. e3 e6 6. axb5 cxb5 7. Rxa6 Nxa6 8. Bxb5+ Ke7 9. Qa4 Nc7 10. Nc3 f5
0-1

[Event "the  first english knockout 2017 "]
[Site "SchemingMind.com"]
[Date "2017.06.08"]
[Round "-"]
[White "basicmann"]
[Black "Manfred Kraut"]
[Result "1-0"]
[WhiteCountry "USA"]
[BlackCountry "GER"]
[WhiteElo "1897"]
[WhiteRD "125"]
[BlackElo "1390"]
[BlackRD "76"]
[GameID "414813"]

1. c4 g6 2. d4 Bg7 3. e4 d6 4. Nc3 Nf6 5. f4 O-O 6. Nf3 c5 7. dxc5 dxc5 8. Qxd8 Rxd8 9. e5 Ng4 10. h3 Nh6
11. Be3 b6 12. g4 Bxg4 13. hxg4 Nxg4 14. Ke2 Nc6 15. Rd1 e6 16. Bg2 Rxd1 17. Rxd1 Kf8 18. Ng5 h6 19. Nxe6+ fxe6 20. Bxc6 Rc8
21. Bd7 Rc7 22. Bxe6 Ke7 23. Bxg4 h5 24. Nd5+
1-0

[Event "the  first english knockout 2017 "]
[Site "SchemingMind.com"]
[Date "2017.06.08"]
[Round "-"]
[White "Manfred Kraut"]
[Black "basicmann"]
[Result "0-1"]
[WhiteCountry "GER"]
[BlackCountry "USA"]
[WhiteElo "1411"]
[WhiteRD "77"]
[BlackElo "1902"]
[BlackRD "127"]
[GameID "414814"]

1. c4 e5 2. Nc3 Nc6 3. g3 f5 4. Bg2 Nf6 5. d3 Bb4 6. a3 Bxc3+ 7. bxc3 O-O 8. Nf3 d6 9. O-O Qe8 10. Nh4 Be6
11. Bxc6 Qxc6 12. Re1 f4 13. Nf3 fxg3 14. hxg3 Bg4 15. a4 a5 16. Ba3 b6 17. Qd2 Qe8 18. Kg2 c5 19. d4 Qe6 20. d5 Qe8
21. Rh1 h6 22. Bc1 Qg6 23. Nh4 Qf7 24. Nf5 Ne4 25. Nxd6 Qxf2#
0-1

[Event "the  first english knockout 2017 "]
[Site "SchemingMind.com"]
[Date "2017.06.23"]
[Round "-"]
[White "Helga1946"]
[Black "maro"]
[Result "1-0"]
[WhiteCountry "GER"]
[BlackCountry "MEX"]
[WhiteElo "2208"]
[WhiteRD "79"]
[BlackElo "1468"]
[BlackRD "64"]
[GameID "415330"]

1. c4 e5 2. Nc3 Nf6 3. d4 Bb4 4. dxe5 Bxc3+ 5. bxc3 Ne4 6. Qd4 Ng5 7. g3 Nc6 8. Qe3 h6 9. f4 Ne6 10. f5 Ng5
11. h4 Nh7 12. Ba3 Ne7 13. f6 gxf6 14. exf6 Nxf6 15. Qe5 O-O 16. Bxe7 Qe8 17. Qxf6 d6 18. Bg2 Bg4 19. Bd5 Bh5 20. g4 Bxg4
21. Qg6+ Kh8 22. Bf6#
1-0

[Event "the  first english knockout 2017 "]
[Site "SchemingMind.com"]
[Date "2017.06.23"]
[Round "-"]
[White "maro"]
[Black "Helga1946"]
[Result "0-1"]
[WhiteCountry "MEX"]
[BlackCountry "GER"]
[WhiteElo "1468"]
[WhiteRD "64"]
[BlackElo "2208"]
[BlackRD "79"]
[GameID "415331"]

1. c4 e5 2. d4 exd4 3. Qxd4 Nc6 4. Qe4+ Qe7 5. Nc3 Qxe4 6. Nxe4 Nb4 7. Kd2 d5 8. cxd5 Nxd5 9. e3 Bg4 10. f3 O-O-O
11. fxg4 Ndf6+ 12. Ke2 Nxe4 13. Nf3 Nh6 14. h3 Ng3+ 15. Kf2 Nxh1+ 16. Ke2 f5 17. g5 Ng3+ 18. Kf2 Ne4+ 19. Kg1 Nf7 20. h4 Rd1
21. Nd4 Ng3 22. Kf2 Rxf1+ 23. Kxg3 Bd6+ 24. Kh3 Rh1#
0-1

[Event "the  first english knockout 2017 "]
[Site "SchemingMind.com"]
[Date "2017.08.07"]
[Round "-"]
[White "ray winteringham"]
[Black "Omahony"]
[Result "0-1"]
[WhiteCountry "ENG"]
[BlackCountry "ENG"]
[WhiteElo "1468"]
[WhiteRD "51"]
[BlackElo "1796"]
[BlackRD "81"]
[GameID "417141"]

1. c4 c6 2. d3 d5 3. cxd5 cxd5 4. e3 e6 5. Be2 Qb6 6. Nf3 Nc6 7. O-O Nf6 8. h3 Bd6 9. b3 O-O 10. Bb2 e5
11. Nbd2 Re8 12. Rb1 h6 13. Nh2 Bf5 14. a3 Rac8 15. Kh1 Re7 16. Ndf3 Rce8 17. b4 a6 18. g4 Bh7 19. Nd2 Re6 20. Bf3 Qc7
21. Rg1 e4 22. dxe4 Nxe4 23. Rc1 Nxf2+ 24. Kg2 Nxd1
0-1

[Event "the  first english knockout 2017 "]
[Site "SchemingMind.com"]
[Date "2017.08.07"]
[Round "-"]
[White "Omahony"]
[Black "ray winteringham"]
[Result "1-0"]
[WhiteCountry "ENG"]
[BlackCountry "ENG"]
[WhiteElo "1796"]
[WhiteRD "81"]
[BlackElo "1468"]
[BlackRD "51"]
[GameID "417142"]

1. c4 b5 2. e3 bxc4 3. Bxc4 Bb7 4. Nf3 g6 5. d4 Bg7 6. Qb3 d5 7. Qxb7 Nd7 8. Qxd5 e6 9. Qc6 Ne7 10. Qa4 O-O
11. Qc2 c6 12. Nc3 Nf5 13. O-O Qc7 14. b3 Ne7 15. Bb2 Nb6 16. Bd3 Nbd5 17. a3 Rab8 18. b4 Rbc8 19. Rac1 Nb6 20. Ne4 f5
21. Neg5 Qd7 22. Qb3 Nbd5 23. Rc5 h6 24. Nh3 Kh7 25. Rfc1 g5 26. Ne5 Ng6 27. Nxd7
1-0

[Event "the  first english knockout 2017 "]
[Site "SchemingMind.com"]
[Date "2017.08.25"]
[Round "-"]
[White "Wojtek26"]
[Black "Iucounu"]
[Result "1-0"]
[WhiteCountry "POL"]
[BlackCountry "ENG"]
[WhiteElo "1558"]
[WhiteRD "47"]
[BlackElo "1551"]
[BlackRD "59"]
[GameID "417524"]

1. c4 Nf6 2. Nf3 g6 3. e3 Bg7 4. d4 O-O 5. Be2 d6 6. O-O Nbd7 7. Nc3 Re8 8. h3 e5 9. b3 exd4 10. Nxd4 Nc5
11. Ba3 Nce4 12. Nxe4 Nxe4 13. Bf3 c5 14. Bxe4 cxd4 15. Bd5 dxe3 16. Rb1 exf2+ 17. Rxf2 Rf8 18. Bf3 Be5 19. Bb2 Bxb2 20. Rbxb2 Rb8
21. Qd4 b6 22. Bd5 Qe7 23. Rbe2 Qc7 24. Qf6 Be6 25. Bxe6 fxe6 26. Qxe6+ Kh8 27. Rf6 Rxf6 28. Qxf6+ Qg7 29. Qxd6 Rg8 30. Re7 Qf8
31. Qe5+
1-0

[Event "the  first english knockout 2017 "]
[Site "SchemingMind.com"]
[Date "2017.08.21"]
[Round "-"]
[White "Iucounu"]
[Black "Wojtek26"]
[Result "1/2-1/2"]
[WhiteCountry "ENG"]
[BlackCountry "POL"]
[WhiteElo "1551"]
[WhiteRD "59"]
[BlackElo "1558"]
[BlackRD "47"]
[GameID "417525"]

1. c4 e5 2. Nc3 Nf6 3. Nf3 d6 4. d4 exd4 5. Nxd4 g6 6. Bg5 Bg7 7. e3 O-O 8. Be2 Nbd7 9. Nd5 Nb6 10. Nxf6+ Bxf6
11. Bxf6 Qxf6 12. b3 Re8 13. O-O Bf5 14. Nxf5 Qxf5 15. Qd3 Re7 16. Qxf5 gxf5 17. Bf3 c6 18. Rad1 Rd8 19. g3 d5 20. cxd5 Nxd5
21. Bxd5 Rxd5 22. Rxd5 cxd5 23. Rd1 Rd7 24. Rd2 f6 25. f4 Kf7 26. h3 Ke6 27. g4 fxg4 28. hxg4 Rc7 29. Kf2 Rc1 30. Kf3 Rc7=
1/2-1/2

[Event "the  first english knockout 2017 "]
[Site "SchemingMind.com"]
[Date "2017.10.16"]
[Round "-"]
[White "Serk"]
[Black "basicmann"]
[Result "1-0"]
[WhiteCountry "RUS"]
[BlackCountry "USA"]
[WhiteElo "2394"]
[WhiteRD "125"]
[BlackElo "1894"]
[BlackRD "147"]
[GameID "419544"]

1. c4 e5 2. Nc3 Nc6 3. Nf3 Nf6 4. g3 Bb4 5. Bg2 O-O 6. O-O e4 7. Ng5 Bxc3 8. bxc3 Re8 9. f3 e3 10. d3 d5
11. Qa4 d4 12. Qc2 h6 13. Ne4 Nxe4 14. fxe4 Qg5 15. Rf4 Bg4 16. Rb1 Rab8 17. Bb2 Qh5 18. cxd4 g5 19. Rf6 Ne7 20. d5
1-0

[Event "the  first english knockout 2017 "]
[Site "SchemingMind.com"]
[Date "2017.10.18"]
[Round "-"]
[White "basicmann"]
[Black "Serk"]
[Result "0-1"]
[WhiteCountry "USA"]
[BlackCountry "RUS"]
[WhiteElo "1887"]
[WhiteRD "148"]
[BlackElo "2399"]
[BlackRD "127"]
[GameID "419545"]

1. c4 e5 2. Nc3 Nc6 3. g3 Nf6 4. Bg2 Bb4 5. Nd5 O-O 6. a3 Bc5 7. e3 Nxd5 8. cxd5 Ne7 9. Ne2 d6 10. d4 Bb6
11. b4 Bg4 12. Bb2 f6 13. Rc1 a5 14. Qd3 axb4 15. axb4 Qe8 16. b5 Bf5 17. e4 Bd7 18. Bc3 Bxb5 19. Qd2 Nxd5 20. exd5 exd4
0-1

[Event "the  first english knockout 2017 "]
[Site "SchemingMind.com"]
[Date "2017.10.16"]
[Round "-"]
[White "Helga1946"]
[Black "frankly"]
[Result "0-1"]
[WhiteCountry "GER"]
[BlackCountry "ENG"]
[WhiteElo "2221"]
[WhiteRD "71"]
[BlackElo "2625"]
[BlackRD "62"]
[GameID "419566"]

1. c4 e5 2. Nc3 Nc6 3. e3 Nf6 4. Nf3 Bb4 5. Nd5 e4 6. Ng1 O-O 7. Qc2 Re8 8. a3 Bd6 9. Ne2 b5 10. cxb5 Ne5
11. Ndf4 c6 12. bxc6 a5 13. cxd7 Bxd7 14. Nc3 Bc6 15. h4 Ned7 16. a4 Bxf4 17. exf4 Nc5 18. Be2 Nd3+ 19. Kf1 Qb6 20. Nd1 Nd5
21. Ne3 N5xf4 22. Qd1 Nxe2 23. Qxe2 Bb7 24. Kg1 Rac8 25. Qf1 Qf6 26. Rh2 Rc5 27. Nd1 Nxc1
0-1

[Event "the  first english knockout 2017 "]
[Site "SchemingMind.com"]
[Date "2017.10.16"]
[Round "-"]
[White "frankly"]
[Black "Helga1946"]
[Result "1-0"]
[WhiteCountry "ENG"]
[BlackCountry "GER"]
[WhiteElo "2625"]
[WhiteRD "62"]
[BlackElo "2221"]
[BlackRD "71"]
[GameID "419567"]

1. c4 e5 2. g3 d5 3. cxd5 Qxd5 4. Nf3 Qa5 5. Bg2 Nf6 6. O-O e4 7. Nd4 Be7 8. Nc3 Qe5 9. Ndb5 O-O 10. d4 exd3
11. exd3 Bd8 12. Bf4 Qe7 13. d4 a6 14. Re1 Qd7 15. Na3 Re8 16. Nc4 Rxe1+ 17. Qxe1 h6 18. Rd1 a5 19. Qd2 a4 20. d5 Qf5
21. h3 g5 22. Be3 Nfd7 23. Re1 Nf8 24. Bd4 Bd7 25. Ne4 Bb5 26. Ne3 Qg6 27. Nc5 Bd7 28. Be4 f5 29. Nxd7 fxe4 30. Nxf8 Kxf8
31. g4 Ke8 32. Qb4
1-0

[Event "the  first english knockout 2017 "]
[Site "SchemingMind.com"]
[Date "2017.11.18"]
[Round "-"]
[White "Apatchenlama"]
[Black "clare1347"]
[Result "0-1"]
[WhiteCountry "GER"]
[BlackCountry "ENG"]
[WhiteElo "1922"]
[WhiteRD "86"]
[BlackElo "2267"]
[BlackRD "100"]
[GameID "420540"]

1. c4 e5 2. g3 Nf6 3. Bg2 Nc6 4. Nc3 Bc5 5. Nf3 d6 6. O-O O-O 7. e3 Bb6 8. Qc2 Bg4 9. Na4 Qd7 10. Nxb6 axb6
11. a3 Bh3 12. d4 Bxg2 13. Kxg2 e4 14. Nd2 Qf5 15. h3 Nb4 16. Qd1 Nd3 17. f3 Qg6 18. Nxe4 Nxe4 19. fxe4 Qxe4+ 20. Qf3 Qe6
21. e4 Qxc4 22. Be3 c5 23. Qg4 Nxb2 24. Rf6 Kh8 25. Rxd6 Qc2+ 26. Kg1 Nc4 27. Rc1 Qd3
0-1

[Event "the  first english knockout 2017 "]
[Site "SchemingMind.com"]
[Date "2017.11.18"]
[Round "-"]
[White "clare1347"]
[Black "Apatchenlama"]
[Result "1-0"]
[WhiteCountry "ENG"]
[BlackCountry "GER"]
[WhiteElo "2267"]
[WhiteRD "100"]
[BlackElo "1922"]
[BlackRD "86"]
[GameID "420541"]

1. c4 e6 2. Nf3 d5 3. d4 Nf6 4. Nc3 Be7 5. Bg5 h6 6. Bh4 O-O 7. e3 b6 8. Bd3 Bb7 9. O-O Nbd7 10. cxd5 Nxd5
11. Bxe7 Qxe7 12. Nxd5 exd5 13. Rc1 c5 14. e4 dxe4 15. Re1 cxd4 16. Bb1 Rac8 17. Nxd4 Rxc1 18. Qxc1 Rc8 19. Qd2 Rc5 20. Ne2 Nf6
21. Nc3 Rg5 22. Qf4 Re5 23. a3 Qc5 24. h3 Rf5 25. Qb8+ Kh7 26. Re3 Nd5 27. Qxb7 Nxe3 28. Qxe4
1-0

[Event "the  first english knockout 2017 "]
[Site "SchemingMind.com"]
[Date "2018.04.03"]
[Round "-"]
[White "Serk"]
[Black "frankly"]
[Result "1/2-1/2"]
[WhiteCountry "RUS"]
[BlackCountry "ENG"]
[WhiteElo "2442"]
[WhiteRD "125"]
[BlackElo "2589"]
[BlackRD "71"]
[GameID "426414"]

1. c4 e5 2. Nc3 Nf6 3. g3 Bb4 4. Bg2 O-O 5. Nf3 Re8 6. O-O e4 7. Nd4 Nc6 8. Nc2 Bxc3 9. dxc3 h6 10. Ne3 d6
11. Qc2 a5 12. Rd1 b6 13. a4 Bd7 14. b3 Ne7 15. b4 Qc8 16. c5 bxc5 17. bxc5 dxc5 18. Ba3 c4 19. Nxc4 Ned5 20. Bc5 Bf5
21. Ne3 Nxe3 22. Bxe3 Rb8 23. Qc1 Qe6 24. Bd4= c6 25. Qd2 Nd7 26. c4 c5 27. Bc3 Qxc4 28. Rdc1 e3 29. fxe3 Qe6 30. Bd5 Qg6
31. e4 Be6 32. Bc6 Rec8 33. Bxd7 Rd8 34. Qd6 Rb7 35. Bxa5 Rdxd7 36. Qxc5 Rb2 37. Rc2 Rdb7 38. Rxb2=
1/2-1/2

[Event "the  first english knockout 2017 "]
[Site "SchemingMind.com"]
[Date "2018.04.03"]
[Round "-"]
[White "frankly"]
[Black "Serk"]
[Result "1/2-1/2"]
[WhiteCountry "ENG"]
[BlackCountry "RUS"]
[WhiteElo "2589"]
[WhiteRD "71"]
[BlackElo "2442"]
[BlackRD "125"]
[GameID "426415"]

1. c4 e5 2. g3 Nf6 3. Bg2 d5 4. cxd5 Nxd5 5. Nc3 Nb6 6. Nf3 Nc6 7. O-O Be7 8. Rb1 a5 9. d3 Be6 10. Be3 O-O
11. a3 f5 12. Rc1 a4 13. Nd2 Rf7 14. Kh1 Bf6 15. Re1 Rd7 16. Bxc6 bxc6 17. Qc2 Qe8 18. Kg1 Nd5 19. Nxa4 Nxe3 20. fxe3 Bg5
21. Nf1 Rd6 22. Nc5 Bd5 23. e4 Bxc1 24. Rxc1 fxe4 25. dxe4 Be6 26. Kg2 Kh8 27. Nxe6 Qxe6 28. Nd2 Rb8 29. Rf1 h6 30. Nc4 Rd4
31. b3 c5 32. Rf5 Qc6 33. e3 Rxe4 34. Rf3 Qd5 35. h3 Rxb3 36. Rf8+ Kh7=
1/2-1/2

[Event "the  first english knockout 2017 "]
[Site "SchemingMind.com"]
[Date "2018.04.11"]
[Round "-"]
[White "Wojtek26"]
[Black "clare1347"]
[Result "0-1"]
[WhiteCountry "POL"]
[BlackCountry "ENG"]
[WhiteElo "1498"]
[WhiteRD "62"]
[BlackElo "2267"]
[BlackRD "100"]
[GameID "426898"]

1. c4 e5 2. e3 Nf6 3. d4 exd4 4. exd4 d5 5. cxd5 Nxd5 6. Nf3 Bb4+ 7. Bd2 Qe7+ 8. Be2 Nf4 9. O-O Nxe2+ 10. Kh1 Bxd2
11. Qxd2 Bg4 12. Re1 Bxf3 13. gxf3 O-O 14. Qxe2 Qxe2 15. Rxe2 Nc6 16. d5 Nd4 17. Rd2 Nxf3 18. Rd1 Rfd8 19. Nc3 Rd7 20. Kg2 Nh4+
21. Kg3 Nf5+ 22. Kg2 Re8 23. Rac1 a6 24. b4 g5 25. a3 h5 26. Ne2 Rxe2
0-1

[Event "the  first english knockout 2017 "]
[Site "SchemingMind.com"]
[Date "2018.04.11"]
[Round "-"]
[White "clare1347"]
[Black "Wojtek26"]
[Result "1-0"]
[WhiteCountry "ENG"]
[BlackCountry "POL"]
[WhiteElo "2267"]
[WhiteRD "100"]
[BlackElo "1498"]
[BlackRD "62"]
[GameID "426899"]

1. c4 e5 2. Nc3 Nf6 3. Nf3 d6 4. d4 exd4 5. Nxd4 g6 6. e4 Bg7 7. Be2 O-O 8. O-O Nbd7 9. f3 a6 10. Be3 Re8
11. Qd2 Nb6 12. Rad1 c5 13. Nb3 Be6 14. Na5 Nbd7 15. Nxb7 Qb6 16. Nxd6 Red8 17. b3 Ne5 18. Na4 Qc6 19. Nxc5 Rab8 20. Nxe6 fxe6
21. c5 Ne8 22. f4 Nf7 23. e5 Nh6 24. Qa5 Nf5 25. Nxf5 gxf5 26. Rxd8
1-0

[Event "the  first english knockout 2017 "]
[Site "SchemingMind.com"]
[Date "2018.04.29"]
[Round "-"]
[White "clare1347"]
[Black "Omahony"]
[Result "1-0"]
[WhiteCountry "ENG"]
[BlackCountry "ENG"]
[WhiteElo "2272"]
[WhiteRD "87"]
[BlackElo "1838"]
[BlackRD "70"]
[GameID "427653"]

1. c4 c6 2. d4 d5 3. Nc3 e6 4. Nf3 Nf6 5. e3 Bd6 6. Bd3 Nbd7 7. e4 dxe4 8. Nxe4 Nxe4 9. Bxe4 Nf6 10. Bd3 O-O
11. O-O b6 12. Bg5 Be7 13. Bc2 Bb7 14. Qd3 g6 15. Qe2 Qc7 16. Qe5 Qd8 17. Bh6 Re8 18. Rad1 Qd6 19. Ba4 Red8 20. Bg5 Kg7
21. Qe3 Ng4 22. Bxe7 Nxe3 23. Bxd6 Nxd1 24. Ba3 Nxb2 25. Bxb2 f6 26. Re1 Kf7 27. c5 Rd7 28. Bb3 Rad8 29. Bxe6+ Kg7 30. Bxd7 Rxd7
31. Bc3 Kf7 32. Nd2 Ba6 33. Ne4 Kg7 34. f3 Bc4 35. d5 Bxd5 36. Nxf6
1-0

[Event "the  first english knockout 2017 "]
[Site "SchemingMind.com"]
[Date "2018.04.28"]
[Round "-"]
[White "Omahony"]
[Black "clare1347"]
[Result "0-1"]
[WhiteCountry "ENG"]
[BlackCountry "ENG"]
[WhiteElo "1762"]
[WhiteRD "75"]
[BlackElo "2242"]
[BlackRD "86"]
[GameID "427654"]

1. c4 e5 2. d3 Nf6 3. Nc3 Nc6 4. Nf3 d5 5. Bg5 dxc4 6. dxc4 Qxd1+ 7. Rxd1 Be6 8. e3 Bb4 9. Be2 Ne4 10. Rc1 f6
11. Bh4 O-O-O 12. O-O Bxc3 13. bxc3 h5 14. h3 g5 15. Bg3 g4 16. hxg4 hxg4 17. Nh2 Rh7 18. Bxg4 Bxg4 19. Nxg4 Rdh8 20. Nh2 Nxg3
21. fxg3 Rxh2 22. Kf2 e4 23. Rcd1 Ne5
0-1

[Event "the  first english knockout 2017 "]
[Site "SchemingMind.com"]
[Date "2018.10.03"]
[Round "-"]
[White "frankly"]
[Black "clare1347"]
[Result "1-0"]
[WhiteCountry "ENG"]
[BlackCountry "ENG"]
[WhiteElo "2559"]
[WhiteRD "71"]
[BlackElo "2307"]
[BlackRD "97"]
[GameID "433148"]

1. c4 e5 2. Nc3 Nf6 3. Nf3 Nc6 4. g3 Bb4 5. Bg2 d6 6. O-O O-O 7. d3 h6 8. Bd2 a5 9. a3 Bc5 10. Qc2 Be6
11. Rfb1 Qd7 12. e3 Rfd8 13. Na4 Bf5 14. Ne1 Ba7 15. b4 axb4 16. axb4 Bh3 17. Bh1 e4 18. dxe4 Ne5 19. Nb2 b5 20. Ned3 c6
21. Nxe5 dxe5 22. Bc3 Qc7 23. Nd3 Nd7 24. c5 Kh7 25. Ra5 Be6 26. f4 f6 27. Rba1 Bc4 28. Nb2 Bf7 29. Bf3 Kg8 30. Nd3 Bc4
31. Be2 Re8 32. Nf2 Bxe2 33. Qxe2 Kh8 34. Qa2 Nxc5 35. bxc5 Re7 36. fxe5 fxe5 37. Nd3 Qb8 38. Qb2
1-0

[Event "the  first english knockout 2017 "]
[Site "SchemingMind.com"]
[Date "2018.10.02"]
[Round "-"]
[White "clare1347"]
[Black "frankly"]
[Result "0-1"]
[WhiteCountry "ENG"]
[BlackCountry "ENG"]
[WhiteElo "2304"]
[WhiteRD "98"]
[BlackElo "2538"]
[BlackRD "63"]
[GameID "433149"]

1. c4 e5 2. d4 exd4 3. Nf3 Bb4+ 4. Bd2 Bxd2+ 5. Qxd2 c5 6. e3 Qe7 7. Bd3 d6 8. O-O dxe3 9. fxe3 Nf6 10. Nc3 O-O
11. Ng5 Nbd7 12. Rf4 h6 13. Nge4 Nxe4 14. Bxe4 Ne5 15. Nd5 Qd8 16. b3 Be6 17. Rd1 Qd7 18. Bf5 Bxf5 19. Rxf5 Rae8 20. Rdf1 f6
21. Qd1 Rf7 22. a4 Nc6 23. R5f4 Re5 24. Qd3 Ne7 25. Nc3 Qe6 26. e4 Nc6 27. g3 a6 28. Kh1 Qe8 29. Nd5 Kh7 30. Kg2 Nd4
31. Ne3 b5 32. axb5 axb5 33. R1f2 Qa8 34. Nd5 b4 35. Rb2 Ra7 36. Nb6 Qb7 37. Nd5 Ra1 38. Rd2 Ra3 39. Rb2 Qa7 40. Rff2 Qa5
41. Qe3 Qa8 42. Qd3 Ra1 43. h3 Qa3 44. Nc7 Re1 45. Nb5 Qa1 46. Nxd4 cxd4
0-1